000 02475cam a22005174i 4500
003 PE-LiUPU
005 20250731173432.0
008 150706s r 000 0 d
020 _a9788428821704
035 _a(Sirsi) i9788428821704
040 _aPE-LiUPU
_bspa
_cPE-LiUPU
_erda
049 _aPRUA
082 0 4 _a268
_bO73
_221
100 1 _aOrtega Campos, Pedro,
_eautor.
245 1 3 _aEl valor educativo de las preguntas en la Biblia /
_cPedro Ortega Campos.
264 1 _aMadrid :
_bBoadilla del Monte, Madrid PPC D.L.,
_c2009.
300 _a156 páginas ;
_c24 cm.
336 _atext
_2rdacontent
337 _aunmediated
_2rdamedia
338 _avolume
_2rdacarrier
490 0 _aEducar práctico
500 _aRegistro y referencias de todas las preguntas (505) que aparecen en los evangelios.
504 _aReferencias bibliográficas al pie de página.
505 0 _aLa pregunta bíblica no es un recurso literario -- La pregunta como memoria de la "promesa" y de la "alianza": El antiguo testamento -- Jesús, modelo del preguntar y del escuchar -- ¿Quiénes preguntan en los evangelios? -- Clases de preguntas en los evangelios -- En la pregunta, el corazón y la razón: Distintos pozos, la misma agua -- La pregunta en los evangelios: "promesa" y "alianza" cumplidas en Jesucristo -- Otra manera de preaguntar y creer en Jesús -- Retomar el sentido de la pregunta. Partir de la duda -- Del prejuicio a la buena intención: El buen magisterio -- Acercarse alas preguntas evangélicas -- Remediar ausencias -- Desiderata -- Todas las preguntas que aparecen en los evangelios.
526 _aSEG42
526 _aSEG41
526 _aSEG40
526 _aSEG39
526 _aP94
526 _aP87
526 _aP86
526 _aP85
526 _aP77
526 _aP76
526 _aP35
541 _g030-0014458;
630 _aBiblia.
_pN.T.
_xPreguntas y respuestas.
650 0 4 _aEducación cristiana.
650 0 4 _aCatequesis.
910 _agl
_cbd
_d20130718
942 _2ddc
_cBOOK
949 _a268 O73
_wDEWEY
_c1
_i68163
_lCCODEBUL1
_mBUL
_p15.00
_r0
_sY
_tBOOK
_u2015-7-6
_xFCE
_PP04
_o.STAFF. Colección General
994 _aC0
_bPEPRU
596 _a1
999 _a268 O73
_wDEWEY
_c55597
_i68163
_d55597
_e2018-11-7
_f2021-11-10
_g5
_lCCODEBUL1
_mBUL
_n3
_p15.00
_r0
_sY
_tBOOK
_u2015-7-6
_xTEOLOGIA
_PP04
_0COMPRA
_o.STAFF. Colección General
980 _81
_gALBERTO SANCHEZ Responsable de Automatización